Brooklyn 99 Episodes - Statistics

General Stats
  • This quiz has been taken 1,175 times
  • The average score is 31 of 142
Answer Stats
% Correct
Pilot
87%
Halloween
79%
Halloween II
58%
Halloween III
51%
Halloween IV
47%
Jake & Amy
46%
HalloVeen
45%
Pontiac Bandit
44%
Thanksgiving
43%
The Vulture
41%
Coral Palms: Part 1
39%
Coral Palms: Part 2
38%
Christmas
37%
The Tagger
36%
Johnny and Dora
35%
The Bet
35%
New Captain
34%
The Slump
34%
Cinco de Mayo
33%
M.E. Time
32%
Undercover
32%
Adrian Pimento
30%
Coral Palms: Part 3
30%
The Box
30%
Greg and Larry
29%
Chocolate Milk
28%
Full Boyle
28%
Jake and Sophia
28%
48 Hours
27%
Ava
27%
Moo Moo
27%
The Jimmy Jab Games
27%
The Party
27%
Captain Peralta
26%
Cheddar
26%
Honeymoon
26%
Sal's Pizza
26%
The Big House: Part 1
26%
The Big House: Part 2
25%
Hitchcock & Scully
24%
Tactical Village
24%
The Cruise
24%
The Ebony Falcon
24%
The Funeral
24%
The Pontiac Bandit Returns
24%
Lights Out
23%
Suicide Squad
23%
99
22%
Charges and Specs
22%
Karen Peralta
22%
Stakeout
22%
The Fugitive
22%
The Night Shift
22%
Unsolvable
22%
AC/DC
21%
Beach House
21%
Old School
21%
The Oolong Slayer
21%
USPIS
21%
Windbreaker City
21%
Hostage Situation
20%
Operation: Broken Feather
20%
Safe House
20%
The Mole
20%
The Slaughterhouse
20%
Yippie Kayak
20%
Boyle-Linetti Wedding
19%
Boyle's Hunch
19%
He Said, She Said
19%
Lockdown
19%
Mr. Santiago
19%
The Apartment
19%
The Road Trip
19%
The Swedes
19%
9 Days
18%
Kicks
18%
The Chopper
18%
Captain Kim
17%
Captain Latvia
17%
Fancy Brudgom
17%
The Mattress
17%
Det. Dave Majors
16%
Game Night
16%
Into the Woods
16%
Manhunter
16%
Pimemento
16%
Skyfire Cycle
16%
Trying
16%
Valloweaster
16%
Chasing Amy
15%
Cop-Con
15%
House Mouses
15%
NutriBoom
15%
Show Me Going
15%
The 9-8
15%
The Defense Rests
15%
The Last Ride
15%
The Overmining
15%
The Wednesday Incident
15%
White Whale
15%
Casecation
14%
Crime and Punishment
14%
Debbie
14%
Maximum Security
14%
Paranoia
14%
Sabotage
14%
Terry Kitties
14%
The Audit
14%
The Jimmy Jab Games II
14%
The Tattler
14%
Two Turkeys
14%
Bachelor/ette Party
13%
Bureau
13%
Four Movements
13%
Monster in the Closet
13%
Payback
13%
Serve & Protect
13%
The Bank Job
13%
The Venue
13%
Admiral Peralta
12%
Bad Beat
12%
Dillman
12%
The Honeypot
12%
Ticking Clocks
12%
Your Honor
12%
DFW
11%
Ding Dong
11%
The Favor
11%
The Golden Child
11%
Return of the King
10%
Return to Skyfire
10%
Sicko
10%
The Negotiation
10%
The Puzzle Master
10%
A Tale of Two Bandits
9%
Gintars
9%
Gray Star Mutual
9%
The Bimbo
9%
The Crime Scene
9%
The Therapist
9%
Ransom
8%
The Takeback
7%
No matching quizzes found
Score Distribution
Percent of People with Each Score
Percentile by Number Answered
Your Score History
You have not taken this quiz